Transcendental realism some philosophical considerations of evolutionary economics
Uložené v:
| Hlavný autor: | |
|---|---|
| Médium: | Kniha |
| Jazyk: | English |
| Vydavateľské údaje: |
Brisbane
The University of Queensland
1995
|
| Edícia: | Discussion papers
Discussion paper No. 168 |
| Predmet: | |
| Tagy: |
Žiadne tagy, Buďte prvý, kto otaguje tento záznam!
|
MARC
| LEADER | 00000nam a2200000 4500 | ||
|---|---|---|---|
| 001 | c110310 | ||
| 005 | 20221123112910.8 | ||
| 022 | |a 1033-4661 | ||
| 041 | 0 | |a eng | |
| 044 | |a AU | ||
| 245 | 1 | 0 | |a Transcendental realism |b some philosophical considerations of evolutionary economics |c Pradeep Philip |
| 264 | 1 | |a Brisbane |b The University of Queensland |c 1995 | |
| 300 | |a 40 s. | ||
| 490 | 1 | |a Discussion papers |v Discussion paper No. 168 | |
| 830 | 0 | |a Discussion papers |v Discussion paper No. 168 | |
| 610 | 2 | 0 | |a filozofia |
| 610 | 2 | 0 | |a vývoj hospodársky |
| 610 | 2 | 0 | |a teórie ekonomické |
| 610 | 2 | 0 | |a vedy prírodné |
| 100 | 1 | |a Philip, Pradeep | |